Špekulácie ako prvok nestability vo svetovej ekonomike

Skúmanie konceptu špekulácie, ktorú rozpracovali významní ekonómovia. Na základe komparácie jednotlivých prístupov je skúmaná nevyhnutnosť existencie špekulácií pre efektívne fungovanie trhu, respektíve ich destabilizačnú funkciu vo svetovej ekonomike.

Na minha lista:
Detalhes bibliográficos
Autor principal: Drutarovská, Jana, 1989-
Formato: Capítulo de Livro
Idioma:eslovaco
Assuntos:
Tags: Adicionar Tag
Sem tags, seja o primeiro a adicionar uma tag!

MARC

LEADER 00000nla a2200000 4500
001 0164271
005 20240502072850.4
041 0 |a slo 
044 |a SK 
245 1 0 |a Špekulácie ako prvok nestability vo svetovej ekonomike  |c Jana Drutarovská 
520 |a Skúmanie konceptu špekulácie, ktorú rozpracovali významní ekonómovia. Na základe komparácie jednotlivých prístupov je skúmaná nevyhnutnosť existencie špekulácií pre efektívne fungovanie trhu, respektíve ich destabilizačnú funkciu vo svetovej ekonomike. 
610 2 0 |a hospodárstvo svetové 
610 2 0 |a trh finančný medzinárodný 
610 2 0 |a stabilita finančná 
610 2 0 |a špekulácie 
100 1 |a Drutarovská, Jana, 1989-